[Event "Novi Sad TS 120th"]
[Site "Novi Sad"]
[Date "2019.11.23"]
[Round "9"]
[White "Narendran, Gouthaman"]
[Black "Sredojevic, Ivan"]
[Result "1/2-1/2"]
[WhiteElo "2127"]
[BlackElo "2211"]
[PlyCount "117"]
[EventDate "2019.11.18"]
[EventType "swiss"]
[EventRounds "9"]
[EventCountry "SRB"]
[SourceTitle "CBM 193 Extra"]
[Source "ChessBase"]
[SourceDate "2020.01.31"]
[SourceVersion "1"]
[SourceVersionDate "2020.01.31"]
[SourceQuality "1"]

1. e4 e5 2. Nf3 Nc6 3. Bb5 a6 4. Ba4 g6 5. d4 exd4 6. Nxd4 Qe7 7. 0-0 Bg7 8. c3 Nf6 9. e5 Ne4 10. Re1 Nc5 11. Bc2 0-0 12. f4 Re8 13. b4 Ne6 14. Nxe6 fxe6 15. Nd2 d6 16. Nf3 dxe5 17. fxe5 a5 18. Bg5 Qf8 19. a3 axb4 20. cxb4 Qf7 21. Qd2 Rf8 22. Qc3 Bd7 23. Rad1 Qe8 24. a4 Rf7 25. Rd2 Bf8 26. Re4 Ne7 27. Bxe7 Bxe7 28. b5 b6 29. h3 c6 30. Kh2 cxb5 31. axb5 Bc5 32. Bb3 Qe7 33. Qc4 Kg7 34. Ree2 Ra1 35. Rd1 Rxd1 36. Bxd1 Bc8 37. Bc2 Qc7 38. Qb3 Rf4 39. Be4 Qe7 40. Qd3 Rf8 41. Ra2 Qc7 42. Bc6 Rf4 43. Qd2 Rf5 44. Qd3 Rf8 45. Qe4 Rf5 46. Qd3 Rf8 47. Qe4 Kg8 48. Rd2 Qa7 49. Qc4 Qa1 50. Qa2 Qc3 51. Qc2 Qe3 52. Qd3 Qf4+ 53. Kh1 Qg3 54. Qe2 Kg7 55. Rd3 Qf4 56. Rd1 Rf7 57. Ra1 Qb4 58. Ra8 Qb1+ 59. Kh2 1/2-1/2

[Event "Bodensee op"]
[Site "Bregenz"]
[Date "2019.05.30"]
[Round "6"]
[White "Baenziger, Fabian"]
[Black "Narendran, Gouthaman"]
[Result "1-0"]
[WhiteElo "2347"]
[BlackElo "2086"]
[PlyCount "71"]
[EventDate "2019.05.25"]
[EventType "swiss"]
[EventRounds "9"]
[EventCountry "AUT"]
[SourceTitle "CBM 190 Extra"]
[Source "ChessBase"]
[SourceDate "2019.07.15"]
[SourceVersion "1"]
[SourceVersionDate "2019.07.15"]
[SourceQuality "1"]

1. e4 c5 2. Nf3 d6 3. d4 cxd4 4. Nxd4 Nf6 5. Nc3 a6 6. Bg5 e6 7. f4 h6 8. Bh4 Qb6 9. a3 Be7 10. Bf2 Qc7 11. Qf3 Nbd7 12. 0-0-0 b5 13. g4 Bb7 14. h4 Nc5 15. Bd3 d5 16. e5 Nfe4 17. Bxe4 Nxe4 18. Rh3 Nxc3 19. Qxc3 Qxc3 20. Rxc3 Kd7 21. f5 Rac8 22. Rf3 g6 23. Be1 gxf5 24. gxf5 Rhg8 25. Bb4 exf5 26. Bxe7 Kxe7 27. Nxf5+ Ke6 28. Nd6 Rc7 29. Rf6+ Kxe5 30. Rdf1 Kd4 31. c3+ Kd3 32. R6f3+ Ke2 33. Nf5 Rg4 34. R1f2+ Ke1 35. Ne3 Re4 36. Nc2# 1-0

[Event "Bodensee op"]
[Site "Bregenz"]
[Date "2019.05.27"]
[Round "3"]
[White "Narendran, Gouthaman"]
[Black "Schleining, Zoya"]
[Result "1/2-1/2"]
[WhiteElo "2086"]
[BlackElo "2343"]
[PlyCount "36"]
[EventDate "2019.05.25"]
[EventType "swiss"]
[EventRounds "9"]
[EventCountry "AUT"]
[SourceTitle "CBM 190 Extra"]
[Source "ChessBase"]
[SourceDate "2019.07.15"]
[SourceVersion "1"]
[SourceVersionDate "2019.07.15"]
[SourceQuality "1"]

1. e4 e5 2. Nf3 Nf6 3. Nxe5 d6 4. Nf3 Nxe4 5. Nc3 Nf6 6. d4 Be7 7. h3 0-0 8. Bd3 Re8 9. 0-0 Nbd7 10. Be3 Nb6 11. Re1 Be6 12. b3 Qd7 13. Ne2 Bf5 14. Bxf5 Qxf5 15. Ng3 Qd7 16. c4 Bf8 17. Qc2 g6 18. a4 Bg7 1/2-1/2

[Event "Bodensee op"]
[Site "Bregenz"]
[Date "2019.05.26"]
[Round "2"]
[White "Narendran, Gouthaman"]
[Black "Schwabeneder, Florian"]
[Result "1-0"]
[WhiteElo "2086"]
[BlackElo "2407"]
[PlyCount "79"]
[EventDate "2019.05.25"]
[EventType "swiss"]
[EventRounds "9"]
[EventCountry "AUT"]
[SourceTitle "CBM 190 Extra"]
[Source "ChessBase"]
[SourceDate "2019.07.15"]
[SourceVersion "1"]
[SourceVersionDate "2019.07.15"]
[SourceQuality "1"]

1. e4 e5 2. Nf3 Nc6 3. Bb5 a6 4. Ba4 g6 5. d4 exd4 6. Nxd4 Bg7 7. Nxc6 bxc6 8. 0-0 Ne7 9. f4 f5 10. Bb3 d5 11. exd5 cxd5 12. Re1 0-0 13. Nc3 c6 14. Be3 Kh8 15. Bd4 Ng8 16. Bxg7+ Kxg7 17. Qd4+ Qf6 18. Qc5 Bd7 19. Re5 Rfe8 20. Rae1 Rxe5 21. fxe5 Qe7 22. Qd4 Be6 23. Na4 Nh6 24. Nc5 Nf7 25. c4 Rd8 26. cxd5 cxd5 27. Nxa6 Ng5 28. Rc1 Nf3+ 29. gxf3 Qg5+ 30. Kf2 Qxc1 31. Nc5 Re8 32. Nxe6+ Rxe6 33. Bxd5 Qc2+ 34. Kg3 f4+ 35. Qxf4 Rb6 36. Qf7+ Kh6 37. Qf8+ Kh5 38. f4 g5 39. Bf3+ Kg6 40. Qg8+ 1-0

[Event "Paracin Winter IM"]
[Site "Paracin"]
[Date "2019.02.05"]
[Round "8"]
[White "Sahil, Tickoo"]
[Black "Narendran, Gouthaman"]
[Result "1/2-1/2"]
[WhiteElo "2260"]
[BlackElo "2062"]
[PlyCount "87"]
[EventDate "2019.01.31"]
[EventType "tourn"]
[EventRounds "9"]
[EventCountry "SRB"]
[SourceTitle "CBM 188 Extra"]
[Source "ChessBase"]
[SourceDate "2019.02.26"]
[SourceVersion "1"]
[SourceVersionDate "2019.02.26"]
[SourceQuality "1"]

1. Nf3 d5 2. c4 d4 3. e3 Nc6 4. b4 dxe3 5. fxe3 Nxb4 6. d4 e5 7. a3 Nc6 8. Be2 e4 9. Nfd2 Bd6 10. Nxe4 Qh4+ 11. Nf2 f5 12. Nd2 b6 13. Nf3 Qe7 14. Nd3 Nf6 15. Bd2 Ng4 16. c5 bxc5 17. dxc5 Be5 18. Ndxe5 Ncxe5 19. Nxe5 Nxe5 20. Bc3 Bb7 21. Bxe5 Qxe5 22. Qa4+ Kf8 23. 0-0 Qe4 24. Qxe4 Bxe4 25. g4 g6 26. Bf3 Kg7 27. gxf5 gxf5 28. Bxe4 fxe4 29. Rf4 Rhf8 30. Rxe4 Rae8 31. Rxe8 Rxe8 32. Kf2 Re5 33. Rc1 Rh5 34. Kg3 Rd5 35. Kf4 Kf6 36. Ke4 Ke6 37. Rc2 c6 38. a4 a5 39. Kf4 Rf5+ 40. Ke4 Rd5 41. Kf4 Rf5+ 42. Ke4 Rd5 43. Kf3 Rf5+ 44. Ke4 1/2-1/2

[Event "Paracin Winter IM"]
[Site "Paracin"]
[Date "2019.02.03"]
[Round "5"]
[White "Dedebas, Emre Emin"]
[Black "Narendran, Gouthaman"]
[Result "1-0"]
[WhiteElo "2303"]
[BlackElo "2062"]
[PlyCount "61"]
[EventDate "2019.01.31"]
[EventType "tourn"]
[EventRounds "9"]
[EventCountry "SRB"]
[SourceTitle "CBM 188 Extra"]
[Source "ChessBase"]
[SourceDate "2019.02.26"]
[SourceVersion "1"]
[SourceVersionDate "2019.02.26"]
[SourceQuality "1"]

1. Nf3 d5 2. g3 Nf6 3. Bg2 c6 4. c4 Bg4 5. Ne5 dxc4 6. Nxg4 Nxg4 7. Qc2 e5 8. Qxc4 Nf6 9. d3 Bd6 10. 0-0 0-0 11. Nd2 Nbd7 12. Qc2 Qe7 13. Nc4 Rfd8 14. Nxd6 Qxd6 15. b3 Nf8 16. Bb2 Ne6 17. Rad1 Nd5 18. e3 h6 19. Qe2 Nf6 20. f4 exf4 21. gxf4 Nd5 22. f5 Nf8 23. e4 Nb4 24. Rf3 f6 25. Rg3 Re8 26. Qh5 c5 27. Bc1 Rad8 28. Rxg7+ Kxg7 29. Bxh6+ Kh8 30. Bxf8+ Kg8 31. Bxd6 1-0

[Event "Paracin Winter IM"]
[Site "Paracin"]
[Date "2019.02.01"]
[Round "2"]
[White "Narendran, Gouthaman"]
[Black "Jovic, Stanoje"]
[Result "1/2-1/2"]
[WhiteElo "2062"]
[BlackElo "2240"]
[PlyCount "28"]
[EventDate "2019.01.31"]
[EventType "tourn"]
[EventRounds "9"]
[EventCountry "SRB"]
[SourceTitle "CBM 188 Extra"]
[Source "ChessBase"]
[SourceDate "2019.02.26"]
[SourceVersion "1"]
[SourceVersionDate "2019.02.26"]
[SourceQuality "1"]

1. e4 e6 2. d4 d5 3. Nd2 c5 4. exd5 Qxd5 5. Ngf3 cxd4 6. Bc4 Qd8 7. 0-0 Nc6 8. Nb3 Nf6 9. Nbxd4 Nxd4 10. Nxd4 a6 11. Re1 Be7 12. Bf4 0-0 13. c3 Nd5 14. Bg3 Bf6 1/2-1/2

[Event "Leanyfalu IM"]
[Site "Leanyfalu"]
[Date "2019.01.25"]
[Round "4"]
[White "To, Nhat Minh"]
[Black "Narendran, Gouthaman"]
[Result "1/2-1/2"]
[WhiteElo "2368"]
[BlackElo "2062"]
[PlyCount "30"]
[EventDate "2019.01.22"]
[EventType "tourn"]
[EventRounds "9"]
[EventCountry "HUN"]
[EventCategory "2"]
[SourceTitle "CBM 188 Extra"]
[Source "ChessBase"]
[SourceDate "2019.02.26"]
[SourceVersion "1"]
[SourceVersionDate "2019.02.26"]
[SourceQuality "1"]

1. d4 Nf6 2. c4 e6 3. Nf3 d5 4. g3 Bb4+ 5. Bd2 Bd6 6. Bg2 c6 7. 0-0 Nbd7 8. b3 Ne4 9. Nc3 f5 10. Qc2 0-0 11. Rfd1 Ndf6 12. a4 b6 13. a5 Nxd2 14. Nxd2 bxa5 15. c5 Bc7 1/2-1/2

[Event "Schilcherland op 2nd"]
[Site "Deutschlandsberg"]
[Date "2018.12.31"]
[Round "4"]
[White "Narendran, Gouthaman"]
[Black "Farago, Sandor"]
[Result "0-1"]
[WhiteElo "2062"]
[BlackElo "2234"]
[PlyCount "54"]
[EventDate "2018.12.29"]
[EventType "swiss"]
[EventRounds "9"]
[EventCountry "AUT"]
[SourceTitle "CBM 188 Extra"]
[Source "ChessBase"]
[SourceDate "2019.02.26"]
[SourceVersion "1"]
[SourceVersionDate "2019.02.26"]
[SourceQuality "1"]

1. e4 c5 2. Nf3 d6 3. d4 cxd4 4. Nxd4 Nf6 5. Nc3 a6 6. Be2 Nbd7 7. 0-0 Nc5 8. Bf3 e5 9. Nb3 Ne6 10. Be3 Be7 11. a4 0-0 12. a5 Bd7 13. Qe2 Rc8 14. Rfd1 Qc7 15. g3 b6 16. Bxb6 Qc4 17. Qe3 Ng5 18. Be2 Qe6 19. h4 Nh3+ 20. Kh2 g5 21. h5 Ng4+ 22. Bxg4 Qxg4 23. Qe2 Qxe2 24. Nxe2 Rxc2 25. Rd2 Rfc8 26. Nc3 Rxd2 27. Nxd2 g4 0-1

[Event "Innsbruck op-A 2nd"]
[Site "Innsbruck"]
[Date "2018.09.01"]
[Round "9"]
[White "Sucher, Johannes"]
[Black "Narendran, Gouthaman"]
[Result "1-0"]
[WhiteElo "2141"]
[BlackElo "2010"]
[PlyCount "65"]
[EventDate "2018.08.24"]
[EventType "swiss"]
[EventRounds "9"]
[EventCountry "AUT"]
[SourceTitle "CBM 186 Extra"]
[Source "ChessBase"]
[SourceDate "2018.08.24"]
[SourceVersion "1"]
[SourceVersionDate "2018.08.24"]
[SourceQuality "1"]

1. d4 Nf6 2. Bg5 d5 3. Nd2 Nbd7 4. e3 e5 5. Ne2 Bd6 6. c4 c6 7. cxd5 cxd5 8. dxe5 Bxe5 9. Nc3 Nc5 10. Bb5+ Bd7 11. Bxd7+ Qxd7 12. 0-0 Bxc3 13. bxc3 Nfe4 14. Nxe4 Nxe4 15. Bf4 Nxc3 16. Qd3 Ne4 17. Rac1 0-0 18. f3 Nf6 19. Rc7 Qa4 20. Be5 Qxa2 21. Ra1 Qxa1+ 22. Bxa1 Rfc8 23. Qc2 Rxc7 24. Qxc7 b5 25. Qb7 Re8 26. Qxa7 h6 27. Bd4 Rc8 28. Kf2 Rc2+ 29. Kg3 Nh5+ 30. Kh3 Rc4 31. Qa8+ Kh7 32. Qxd5 Rxd4 33. Qxd4 1-0

[Event "Innsbruck op-A 2nd"]
[Site "Innsbruck"]
[Date "2018.08.26"]
[Round "3"]
[White "Deglmann, Ludwig"]
[Black "Narendran, Gouthaman"]
[Result "1-0"]
[WhiteElo "2270"]
[BlackElo "2010"]
[PlyCount "77"]
[EventDate "2018.08.24"]
[EventType "swiss"]
[EventRounds "9"]
[EventCountry "AUT"]
[SourceTitle "CBM 186 Extra"]
[Source "ChessBase"]
[SourceDate "2018.08.24"]
[SourceVersion "1"]
[SourceVersionDate "2018.08.24"]
[SourceQuality "1"]

1. f4 d5 2. Nf3 Bg4 3. e3 Nf6 4. h3 Bxf3 5. Qxf3 e6 6. Nc3 c5 7. g4 Nc6 8. Bb5 Rc8 9. b3 Be7 10. Bb2 Nd7 11. Bxc6 Rxc6 12. g5 h6 13. h4 hxg5 14. hxg5 Rxh1+ 15. Qxh1 Nf8 16. Qh8 g6 17. Ne2 Ra6 18. Ng1 d4 19. exd4 f6 20. dxc5 fxg5 21. fxg5 Bxc5 22. Qh1 Qxg5 23. 0-0-0 Rxa2 24. Kb1 Ra5 25. d4 Ba3 26. Qxb7 Bxb2 27. Kxb2 Qd5 28. Qb8+ Ke7 29. Ne2 Qd7 30. Rf1 Qd8 31. Qxd8+ Kxd8 32. Rxf8+ Ke7 33. Rb8 g5 34. Ng3 Kd6 35. c4 g4 36. Rg8 e5 37. d5 Kc5 38. Kc3 Ra3 39. Rg6 1-0

[Event "Budapest FS06 IM"]
[Site "Budapest"]
[Date "2018.06.06"]
[Round "5"]
[White "Narendran, Gouthaman"]
[Black "Farago, Ivan"]
[Result "1/2-1/2"]
[WhiteElo "2068"]
[BlackElo "2368"]
[PlyCount "52"]
[EventDate "2018.06.02"]
[EventType "tourn"]
[EventRounds "9"]
[EventCountry "HUN"]
[SourceTitle "CBM 184 Extra"]
[Source "ChessBase"]
[SourceDate "2018.06.28"]
[SourceVersion "1"]
[SourceVersionDate "2018.06.28"]
[SourceQuality "1"]

1. e4 e6 2. d4 d5 3. Nd2 h6 4. Ngf3 Nf6 5. e5 Nfd7 6. Bd3 c5 7. c3 Nc6 8. 0-0 g5 9. dxc5 Nxc5 10. Bc2 Bg7 11. Re1 Nd7 12. Nf1 g4 13. Nd4 Ndxe5 14. Nxc6 bxc6 15. Bf4 f6 16. Ng3 h5 17. Bxe5 fxe5 18. Nxh5 Qg5 19. Nxg7+ Qxg7 20. Qd3 Bd7 21. Rad1 0-0-0 22. Qe3 Rh5 23. Qxa7 Rdh8 24. Qa8+ Kc7 25. Qa5+ Kd6 26. Qb4+ Kc7 1/2-1/2

[Event "Budapest FS06 IM"]
[Site "Budapest"]
[Date "2018.06.04"]
[Round "3"]
[White "Narendran, Gouthaman"]
[Black "McPhillips, Joseph"]
[Result "0-1"]
[WhiteElo "2068"]
[BlackElo "2399"]
[PlyCount "62"]
[EventDate "2018.06.02"]
[EventType "tourn"]
[EventRounds "9"]
[EventCountry "HUN"]
[SourceTitle "CBM 184 Extra"]
[Source "ChessBase"]
[SourceDate "2018.06.28"]
[SourceVersion "1"]
[SourceVersionDate "2018.06.28"]
[SourceQuality "1"]

1. e4 e6 2. d4 d5 3. Nd2 Ne7 4. e5 c5 5. c3 cxd4 6. cxd4 Qb6 7. Ngf3 Nec6 8. Nb3 a5 9. Be3 a4 10. Nbd2 Qxb2 11. Be2 Qb6 12. 0-0 Be7 13. Bd3 Nb4 14. Qb1 a3 15. Bxh7 Bd7 16. Bd3 Ba4 17. Rc1 Nd7 18. Be2 0-0 19. Nb3 Nxa2 20. Qxa2 Bxb3 21. Qb1 Rfc8 22. Rxc8+ Rxc8 23. Nd2 Bc2 24. Qxb6 Nxb6 25. Nb1 Ra8 26. Bc1 a2 27. Nc3 Bb3 28. Bd1 Bc4 29. Be2 Bb4 30. Bxc4 Bxc3 31. Rxa2 dxc4 0-1

[Event "Moscow Aeroflot op-B 17th"]
[Site "Moscow"]
[Date "2018.02.24"]
[Round "5"]
[White "Stukan, Martin"]
[Black "Narendran, Gouthaman"]
[Result "1-0"]
[WhiteElo "2210"]
[BlackElo "2165"]
[PlyCount "105"]
[EventDate "2018.02.20"]
[EventType "swiss"]
[EventRounds "9"]
[EventCountry "RUS"]
[SourceTitle "CBM 183 Extra"]
[Source "ChessBase"]
[SourceDate "2018.04.19"]
[SourceVersion "1"]
[SourceVersionDate "2018.04.19"]
[SourceQuality "1"]

1. e4 c5 2. Nc3 d6 3. Nf3 Nf6 4. Bc4 e6 5. 0-0 Be7 6. d4 cxd4 7. Nxd4 a6 8. Bb3 0-0 9. f4 Nbd7 10. Be3 Qc7 11. f5 Nc5 12. fxe6 fxe6 13. Nf5 Nxb3 14. Nxe7+ Qxe7 15. axb3 h6 16. Qd2 Bd7 17. Rad1 Bc6 18. Qxd6 Qxd6 19. Rxd6 Nxe4 20. Rxc6 Rxf1+ 21. Kxf1 Ng3+ 22. hxg3 Rf8+ 23. Ke2 bxc6 24. Ne4 Kf7 25. Nc5 Ra8 26. Nd3 Ke7 27. Bc5+ Kd7 28. Bd4 g5 29. g4 a5 30. Ke3 Ke7 31. Ne5 Kd6 32. Nc4+ Ke7 33. Bc3 Rf8 34. Nxa5 Kd7 35. Nc4 Rf1 36. Ne5+ Kd6 37. Nd3 Rg1 38. Be5+ Ke7 39. g3 Rg2 40. c4 Kd7 41. b4 Rc2 42. b3 Ra2 43. Bb2 Ra8 44. Ke4 Rf8 45. Nc5+ Ke7 46. Be5 Rf1 47. b5 cxb5 48. cxb5 Re1+ 49. Kd4 Rd1+ 50. Kc4 Rc1+ 51. Kb4 Re1 52. b6 Rxe5 53. b7 1-0

[Event "Moscow Aeroflot op-B 17th"]
[Site "Moscow"]
[Date "2018.02.21"]
[Round "2"]
[White "Kathmale, Sameer"]
[Black "Narendran, Gouthaman"]
[Result "1/2-1/2"]
[WhiteElo "2320"]
[BlackElo "2165"]
[PlyCount "81"]
[EventDate "2018.02.20"]
[EventType "swiss"]
[EventRounds "9"]
[EventCountry "RUS"]
[SourceTitle "CBM 183 Extra"]
[Source "ChessBase"]
[SourceDate "2018.04.19"]
[SourceVersion "1"]
[SourceVersionDate "2018.04.19"]
[SourceQuality "1"]

1. e4 c5 2. Nf3 d6 3. d4 cxd4 4. Nxd4 Nf6 5. Nc3 a6 6. h3 e5 7. Nb3 Be6 8. f4 Be7 9. g4 exf4 10. g5 Nfd7 11. Bxf4 Bxg5 12. Qxd6 Bh4+ 13. Bg3 Qg5 14. Bxh4 Qxh4+ 15. Kd1 Qf6 16. Be2 Bxb3 17. Qxf6 Bxc2+ 18. Kxc2 Nxf6 19. e5 Nfd7 20. e6 fxe6 21. Bg4 Nc6 22. Rad1 Ke7 23. Rhe1 Nde5 24. Ne4 Nxg4 25. hxg4 Rac8 26. Kb1 Rhd8 27. Nc5 Rxd1+ 28. Rxd1 Rc7 29. g5 Nd8 30. b4 Nf7 31. Rg1 g6 32. Kb2 a5 33. a3 axb4 34. axb4 b6 35. Na4 Rc4 36. Kb3 Rc6 37. Nc3 Rd6 38. Kc4 Rc6+ 39. Kb3 Rd6 40. Kc4 Rc6+ 41. Kb3 1/2-1/2

[Event "Prague op 17th"]
[Site "Prague"]
[Date "2018.01.17"]
[Round "7"]
[White "Narendran, Gouthaman"]
[Black "Kaasen, Tor Fredrik"]
[Result "0-1"]
[WhiteElo "2106"]
[BlackElo "2340"]
[PlyCount "96"]
[EventDate "2018.01.12"]
[EventType "swiss"]
[EventRounds "9"]
[EventCountry "CZE"]
[SourceTitle "CBM 182 Extra"]
[Source "ChessBase"]
[SourceDate "2018.02.23"]
[SourceVersion "1"]
[SourceVersionDate "2018.02.23"]
[SourceQuality "1"]

1. e4 c5 2. Nf3 e6 3. d4 cxd4 4. Nxd4 Nc6 5. Nc3 Qc7 6. Be3 Nf6 7. Qf3 a6 8. 0-0-0 d6 9. Qg3 Bd7 10. f4 Rc8 11. Bd3 b5 12. Nxc6 Bxc6 13. e5 dxe5 14. fxe5 Nd5 15. Nxd5 Bxd5 16. Kb1 g6 17. h4 Bc4 18. h5 Bg7 19. hxg6 hxg6 20. Rxh8+ Bxh8 21. Bf4 Bg7 22. Bxc4 Qxc4 23. Qd3 Qxd3 24. cxd3 Kd7 25. d4 Rh8 26. d5 exd5 27. Rxd5+ Ke6 28. Rd6+ Kf5 29. Rd7 Rf8 30. Bh2 Bxe5 31. Bxe5 Kxe5 32. Ra7 Kf4 33. Rxa6 g5 34. Ra3 f5 35. Kc2 Rh8 36. Rf3+ Kg4 37. Kd3 Rh2 38. Rf2 f4 39. Ke2 Kg3 40. Kf1 Rh1+ 41. Ke2 Rb1 42. Rf3+ Kxg2 43. Rb3 g4 44. Rxb5 f3+ 45. Ke3 Re1+ 46. Kd2 f2 47. Rf5 f1Q 48. Rxf1 Rxf1 0-1